Snatak mahalar rajnaitik tattwa (Record no. 302)

MARC details
000 -LEADER
fixed length control field 00514cam a2200193ua 4500
008 - FIXED-LENGTH DATA ELEMENTS--GENERAL INFORMATION
fixed length control field 110330n ii |||gr||||Z||||||asm
040 ## - CATALOGING SOURCE
Transcribing agency MAIN
082 ## - DEWEY DECIMAL CLASSIFICATION NUMBER
Classification number 320.5
245 1# - TITLE STATEMENT
Title Snatak mahalar rajnaitik tattwa
Statement of responsibility, etc. by Kripesh Chandra Paul
250 ## - EDITION STATEMENT
Edition statement 4th.
260 ## - PUBLICATION, DISTRIBUTION, ETC.
Place of publication, distribution, etc. Guwahati:
Name of publisher, distributor, etc. Arun,997.
300 ## - PHYSICAL DESCRIPTION
Extent xii, 868p.:
Dimensions 25cm.
700 ## - ADDED ENTRY--PERSONAL NAME
Personal name Paul, Kripesh Chandra. ,
Relator term
700 ## - ADDED ENTRY--PERSONAL NAME
Personal name Nayak, Pratul Chandra.,
Relator term
942 ## - ADDED ENTRY ELEMENTS (KOHA)
Koha item type Books
653 ## - INDEX TERM--UNCONTROLLED
Uncontrolled term Political science
653 ## - INDEX TERM--UNCONTROLLED
Uncontrolled term Rajnaitik tattwa
Holdings
Withdrawn status Lost status Damaged status Not for loan Home library Current library Shelving location Date acquired Total Checkouts Full call number Barcode Date last seen Copy number Price effective from Koha item type
        Central Library, Naharkatiya College Central Library, Naharkatiya College   19/09/2020   320.5 | PAU 911 19/09/2020 1 19/09/2020 Books

Naharkatiya College © 2020. All rights reserved.

Powered By